[Event "SK Union Eimsbüttel - FC St. Pauli III"]
[Site "Landesliga Hamburg 2019/20"]
[Date "2019.12.08"]
[Round "4.19"]
[White "Goepfert, Jakob"]
[Black "Foerster, Andreas"]
[Result "0-1"]
[WhiteElo "2121"]
[BlackElo "2174"]
[PlyCount "60"]
[EventDate "2019.??.??"]

1. d4 c5 2. dxc5 e6 3. Nd2 Nf6 4. Nb3 a5 5. a4 Na6 6. Qd4 Nb4 7. Kd1 Nc6 8. Qh4
Be7 9. Bd2 b6 10. cxb6 d5 11. Be1 Ne4 12. Qf4 Qxb6 13. e3 e5 14. Qf3 h5 15. h3
Be6 16. Bb5 O-O 17. Qxh5 d4 18. Nd2 Nf6 19. Qf3 Na7 20. Nc4 Bxc4 21. Bxc4 Qxb2
22. Rc1 Ba3 23. Ne2 Qb6 24. Ra1 Qb2 25. Rc1 e4 26. Qf5 Rac8 27. Ba6 d3 28. Bd2
Rc5 29. Qf4 dxe2+ 30. Kxe2 Qb6 0-1

[Event "SK Union Eimsbüttel - FC St. Pauli III"]
[Site "Landesliga Hamburg 2019/20"]
[Date "2019.12.08"]
[Round "4.20"]
[White "Adloff, Ralf"]
[Black "Wronn, Bernd"]
[Result "1/2-1/2"]
[WhiteElo "2092"]
[BlackElo "2182"]
[PlyCount "93"]
[EventDate "2019.??.??"]

1. d4 Nf6 2. Nf3 d5 3. g3 Bf5 4. Bg2 e6 5. c4 c6 6. Nc3 Be7 7. Qb3 Qb6 8. c5
Qxb3 9. axb3 Na6 10. Ra4 O-O 11. Ne5 Rfc8 12. Bf4 Bc2 13. O-O Bxb3 14. Ra3 Bc2
15. Rfa1 Ne4 16. Nxe4 Bxe4 17. Bxe4 dxe4 18. Nc4 g5 19. Bd6 Bd8 20. Kg2 f6 21.
h4 gxh4 22. gxh4 Kf7 23. Kh3 e5 24. dxe5 Ke6 25. Nd2 fxe5 26. Nxe4 Be7 27. Ng5+
Bxg5 28. hxg5 Kf5 29. Rf3+ Kg6 30. Rg1 Re8 31. Rf6+ Kg7 32. e4 Nb8 33. Rf5 Nd7
34. Rg3 b6 35. b4 bxc5 36. bxc5 a5 37. Ra3 a4 38. Kg4 Ra5 39. f4 exf4 40. Kxf4
Re6 41. Ke3 h6 42. gxh6+ Rxh6 43. Kd4 Rf6 44. Rg5+ Rg6 45. Rf5 Rf6 46. Rg5+ Rg6
47. Rf5 1/2-1/2

[Event "SK Union Eimsbüttel - FC St. Pauli III"]
[Site "Landesliga Hamburg 2019/20"]
[Date "2019.12.08"]
[Round "4.21"]
[White "Grote, Dirk"]
[Black "Leonardi, Karlheinz"]
[Result "1-0"]
[WhiteElo "2045"]
[BlackElo "2110"]
[PlyCount "51"]
[EventDate "2019.??.??"]

1. d4 d6 2. Nf3 Nf6 3. c4 Nbd7 4. g3 e5 5. Bg2 Be7 6. O-O O-O 7. Nc3 c6 8. h3
a6 9. a4 a5 10. e4 Qc7 11. Be3 Re8 12. Qc2 Bf8 13. Rad1 exd4 14. Nxd4 Nc5 15.
Rfe1 g6 16. f4 Nfd7 17. Bf2 Na6 18. Qd2 Nb4 19. Nb3 Nb6 20. c5 dxc5 21. Nxc5
Nc4 22. Qe2 Nd6 23. e5 Nf5 24. N5e4 Bg7 25. g4 Ne7 26. Nf6+ 1-0

[Event "SK Union Eimsbüttel - FC St. Pauli III"]
[Site "Landesliga Hamburg 2019/20"]
[Date "2019.12.08"]
[Round "4.22"]
[White "Winter, Markus"]
[Black "David, Torsten"]
[Result "0-1"]
[WhiteElo "2007"]
[BlackElo "2073"]
[PlyCount "72"]
[EventDate "2019.??.??"]

1. d4 Nf6 2. Bf4 b5 3. e3 Bb7 4. Nf3 b4 5. c3 a5 6. h3 e6 7. Bd3 Be7 8. O-O c5
9. Re1 d5 10. dxc5 O-O 11. cxb4 axb4 12. Qc2 Ra5 13. a3 Nc6 14. Nbd2 Rxc5 15.
Qd1 bxa3 16. bxa3 Qa8 17. Qb3 Ba6 18. a4 Bxd3 19. Qxd3 Nb4 20. Qb3 Nc2 21. Rec1
Nxa1 22. Rxa1 Qa6 23. Qa3 Rfc8 24. Kh2 Bf8 25. Be5 Ne4 26. Qb3 Bd6 27. Bxd6
Qxd6+ 28. g3 Rc3 29. Qb7 R3c7 30. Qb5 Nxf2 31. a5 Ne4 32. Nxe4 dxe4 33. Nd4 e5
34. a6 exd4 35. a7 Rc2+ 36. Kh1 Qxg3 0-1

[Event "SK Union Eimsbüttel - FC St. Pauli III"]
[Site "Landesliga Hamburg 2019/20"]
[Date "2019.12.08"]
[Round "4.23"]
[White "Knecht, Guntram"]
[Black "Jarnuczak, Detlev"]
[Result "1-0"]
[WhiteElo "2009"]
[BlackElo "1978"]
[PlyCount "63"]
[EventDate "2019.??.??"]

1. e4 d6 2. d4 Nf6 3. Nc3 Nbd7 4. Nf3 e5 5. g3 c6 6. a4 Be7 7. Bg2 O-O 8. a5
Qc7 9. O-O Rb8 10. Re1 b5 11. axb6 axb6 12. Nh4 Re8 13. Nf5 Bf8 14. h3 Bb7 15.
b3 Ra8 16. Ba3 g6 17. dxe5 Rxa3 18. Rxa3 dxe5 19. Ra7 gxf5 20. exf5 Qb8 21. Ra1
b5 22. g4 Bb4 23. Re3 Nb6 24. Ne4 Nxe4 25. Bxe4 Nd5 26. Rg3 Nc3 27. Rxc3 Bxc3
28. Qf3 Bxa1 29. f6 c5 30. Bxh7+ Kh8 31. Qf5 e4 32. Bg8 1-0

[Event "SK Union Eimsbüttel - FC St. Pauli III"]
[Site "Landesliga Hamburg 2019/20"]
[Date "2019.12.08"]
[Round "4.24"]
[White "Nielsen, Joerg"]
[Black "Hedayat-Nassab, Djamschid"]
[Result "1/2-1/2"]
[WhiteElo "1982"]
[BlackElo "2093"]
[PlyCount "83"]
[EventDate "2019.??.??"]

1. d4 Nf6 2. c4 e6 3. g3 d5 4. Bg2 c6 5. Nf3 Bd6 6. Qc2 O-O 7. O-O Nbd7 8. Rd1
Re8 9. Nc3 Qe7 10. e4 Nxe4 11. Nxe4 dxe4 12. Qxe4 Nf8 13. Be3 f5 14. Qc2 Ng6
15. Bg5 Qf8 16. Bd2 Bd7 17. Bc3 Rad8 18. Re1 c5 19. dxc5 Bxc5 20. Ne5 Nxe5 21.
Bxe5 Bc8 22. a3 Bd4 23. Rad1 Bxe5 24. Rxe5 Rxd1+ 25. Qxd1 Rd8 26. Qe2 b6 27. h4
Qd6 28. Bf3 Rf8 29. Re3 h6 30. h5 f4 31. gxf4 Qxf4 32. Be4 Rd8 33. Qf3 Qg5+ 34.
Kf1 Ba6 35. b3 b5 36. Rd3 Rf8 37. Qe2 bxc4 38. Rd6 Qc1+ 39. Kg2 Qg5+ 40. Kf1
Qc1+ 41. Kg2 Qg5+ 42. Kf1 1/2-1/2

[Event "SK Johanneum Eppendorf - SK Marmstorf"]
[Site "Landesliga Hamburg 2019/20"]
[Date "2019.12.08"]
[Round "4.26"]
[White "Schroeder, Christoph"]
[Black "Hawellek, Jeronimo"]
[Result "1/2-1/2"]
[WhiteElo "2159"]
[BlackElo "2256"]
[PlyCount "60"]
[EventDate "2019.??.??"]

1. Nf3 f5 2. g3 Nf6 3. Bg2 e6 4. O-O d5 5. d3 Bd6 6. Nc3 Nc6 7. e4 dxe4 8. dxe4
e5 9. Bg5 h6 10. Bxf6 Qxf6 11. exf5 Bxf5 12. Nh4 Bh7 13. Ne4 Bxe4 14. Bxe4
O-O-O 15. Bxc6 bxc6 16. Qe2 g5 17. Nf3 h5 18. Nd2 Qg6 19. Ne4 Be7 20. Rad1 g4
21. Rxd8+ Rxd8 22. Re1 Rd4 23. c3 Rd5 24. f3 gxf3 25. Qxf3 Kb7 26. Rf1 h4 27.
b4 hxg3 28. hxg3 Qe6 29. a4 a6 30. Qf5 Qh6 1/2-1/2

[Event "SK Johanneum Eppendorf - SK Marmstorf"]
[Site "Landesliga Hamburg 2019/20"]
[Date "2019.12.08"]
[Round "4.27"]
[White "Mueller, Jan-Hendrik"]
[Black "Zart, Ruediger"]
[Result "1/2-1/2"]
[WhiteElo "2126"]
[BlackElo "2115"]
[PlyCount "124"]
[EventDate "2019.??.??"]

1. e4 c5 2. Nf3 d6 3. d4 cxd4 4. Nxd4 Nf6 5. Nc3 a6 6. Be2 e5 7. Nb3 Be7 8. O-O
O-O 9. a4 b6 10. Bg5 Bb7 11. Bxf6 Bxf6 12. Qd3 Qc7 13. Rfd1 Be7 14. Nd2 Nd7 15.
Nc4 Nc5 16. Nd5 Bxd5 17. Qxd5 Ne6 18. Ne3 Nf4 19. Qd2 Bg5 20. Bc4 Nxg2 21. Kxg2
Bxe3 22. Qxe3 Qxc4 23. Rxd6 Qxc2 24. Rc1 Qxa4 25. Rxb6 Rac8 26. Rxc8 Rxc8 27.
Qd3 a5 28. b3 Qa1 29. Qd5 h5 30. Rb7 Rf8 31. Rb5 a4 32. bxa4 Qxa4 33. Qxe5 g6
34. Rb7 Qd1 35. Re7 Kh7 36. Qf4 Kg8 37. e5 Qd5+ 38. Kg3 Qh1 39. f3 Qg1+ 40. Kh4
Qc5 41. Qf6 Qg1 42. h3 Kh7 43. Rxf7+ Rxf7 44. Qxf7+ Kh6 45. Qf8+ Kh7 46. Qf4
Kg7 47. Qd2 Qc5 48. f4 Qc4 49. Qe3 Qe6 50. Kg3 Kf7 51. Qa7+ Kf8 52. Qc7 Qb3+
53. Kh4 Qe3 54. Qd8+ Kg7 55. Qg5 Qe1+ 56. Qg3 Qe2 57. Kg5 Qe4 58. Kh4 Qe2 59.
Qc3 Qf2+ 60. Kg5 Qg2+ 61. Kh4 Qf2+ 62. Qg3 Qe2 1/2-1/2

[Event "SK Johanneum Eppendorf - SK Marmstorf"]
[Site "Landesliga Hamburg 2019/20"]
[Date "2019.12.08"]
[Round "4.28"]
[White "Behrhorst, Frank"]
[Black "Hohlbein, Michael"]
[Result "1-0"]
[WhiteElo "2228"]
[BlackElo "2080"]
[PlyCount "75"]
[EventDate "2019.??.??"]

1. d4 Nf6 2. c4 g6 3. f3 Bg7 4. e4 d6 5. Nc3 O-O 6. Bg5 a6 7. a4 c5 8. d5 e6 9.
Qd2 exd5 10. cxd5 h6 11. Be3 Re8 12. Nge2 h5 13. Nc1 Nbd7 14. Be2 Ne5 15. h3
Nh7 16. g4 f5 17. gxf5 gxf5 18. Nb3 f4 19. Bxf4 c4 20. Nd4 Qh4+ 21. Kd1 Nd3 22.
Bxd3 Bxd4 23. Bxc4 Qf6 24. Kc2 Bd7 25. Be3 Bxe3 26. Qxe3 Rac8 27. Be2 b5 28.
axb5 axb5 29. Ra7 b4 30. Rxd7 bxc3 31. bxc3 Ra8 32. Rg1+ Kh8 33. Qd4 Re5 34.
Rgg7 Nf8 35. Rdf7 Qh6 36. f4 Rxe4 37. Rh7+ Kg8 38. Qh8# 1-0

[Event "SK Johanneum Eppendorf - SK Marmstorf"]
[Site "Landesliga Hamburg 2019/20"]
[Date "2019.12.08"]
[Round "4.29"]
[White "Diekmann, Jens"]
[Black "Wenzel, Birger"]
[Result "1/2-1/2"]
[WhiteElo "2046"]
[BlackElo "2068"]
[PlyCount "93"]
[EventDate "2019.??.??"]

1. c4 e5 2. Nc3 Bb4 3. g3 Bxc3 4. dxc3 d6 5. Bg2 Nc6 6. e4 Be6 7. Qe2 Nge7 8.
Nf3 h6 9. Nd2 O-O 10. O-O Qd7 11. Rd1 b6 12. Nf1 Bg4 13. f3 Bh3 14. Ne3 Bxg2
15. Kxg2 f5 16. exf5 Nxf5 17. Qd3 Nxe3+ 18. Bxe3 Ne7 19. Qe4 Qe6 20. Rf1 Rae8
21. Rae1 Qd7 22. Rf2 Kh8 23. b3 Ng8 24. Qb7 Nf6 25. Bc1 e4 26. fxe4 Ng4 27.
Rff1 Ne5 28. Qd5 g5 29. h3 Qg7 30. Be3 Rxf1 31. Rxf1 Rf8 32. Qd1 Qe7 33. Bd4
Kg8 34. Bxe5 Rxf1 35. Kxf1 dxe5 36. Qd5+ Kg7 37. b4 c5 38. a3 h5 39. Ke2 Kh7
40. Qd3 Qe6 41. Qf3 Qxc4+ 42. Ke1 Kg7 43. Qe3 Kg6 44. h4 gxh4 45. gxh4 Kf7 46.
Kf2 a5 47. Qe2 1/2-1/2

[Event "SK Johanneum Eppendorf - SK Marmstorf"]
[Site "Landesliga Hamburg 2019/20"]
[Date "2019.12.08"]
[Round "4.30"]
[White "Keyser, Robin"]
[Black "Peschke, Matthias"]
[Result "1/2-1/2"]
[WhiteElo "2059"]
[BlackElo "2015"]
[PlyCount "113"]
[EventDate "2019.??.??"]

1. d4 Nf6 2. c4 c5 3. d5 e6 4. Nc3 exd5 5. cxd5 d6 6. Nf3 g6 7. g3 Bg7 8. Bg2
O-O 9. O-O Re8 10. Bf4 a6 11. a4 Qc7 12. Qc1 Bg4 13. Bh6 Bh8 14. h3 Bxf3 15.
Bxf3 Nbd7 16. Rb1 Rab8 17. Bg2 c4 18. b4 cxb3 19. Rxb3 Nc5 20. Rb1 Qd7 21. Qa3
Nfe4 22. Nxe4 Nxe4 23. Rbc1 b5 24. axb5 axb5 25. Qb4 Nc5 26. Be3 Rxe3 27. fxe3
Be5 28. Rf3 Qb7 29. Rcf1 Rf8 30. e4 Na6 31. Qa5 b4 32. Rb1 Rb8 33. Rfb3 Qb6+
34. Qxb6 Rxb6 35. Kf2 Bc3 36. Ke3 Rb8 37. Rxc3 bxc3 38. Rxb8+ Nxb8 39. Kd3 Kg7
40. Kxc3 Kf6 41. Kd4 Nd7 42. Bf3 Nb8 43. Bg4 Na6 44. Bc8 Nc7 45. e5+ dxe5+ 46.
Kc5 Ne8 47. d6 Ng7 48. Kc6 e4 49. h4 Ke5 50. Bd7 f5 51. h5 gxh5 52. Be8 Ne6 53.
Bxh5 Nd4+ 54. Kc5 Ne6+ 55. Kc6 Nd4+ 56. Kc5 Ne6+ 57. Kc6 1/2-1/2

[Event "SK Johanneum Eppendorf - SK Marmstorf"]
[Site "Landesliga Hamburg 2019/20"]
[Date "2019.12.08"]
[Round "4.31"]
[White "Anderberg, Peter"]
[Black "Schueler, Hendrik"]
[Result "1-0"]
[WhiteElo "2010"]
[BlackElo "2075"]
[PlyCount "107"]
[EventDate "2019.??.??"]

1. d4 d5 2. c4 dxc4 3. Nf3 Nf6 4. e3 e6 5. Bxc4 c5 6. O-O a6 7. a4 Nc6 8. Nc3
Qc7 9. d5 Na5 10. Ba2 exd5 11. Nxd5 Nxd5 12. Qxd5 Be6 13. Qe4 Qc6 14. Qxc6+
Nxc6 15. Bxe6 fxe6 16. Bd2 Be7 17. Bc3 Kf7 18. Rfd1 Rhd8 19. Ne5+ Nxe5 20. Bxe5
Rxd1+ 21. Rxd1 Rd8 22. Rxd8 Bxd8 23. Kf1 b5 24. axb5 axb5 25. b3 Bf6 26. Bd6 c4
27. bxc4 bxc4 28. Bb4 Ke8 29. Ke2 Kd7 30. Kd2 Kc6 31. Bc3 Bxc3+ 32. Kxc3 Kc5
33. g3 h5 34. e4 Kb5 35. f4 Kc5 36. h3 Kb5 37. g4 hxg4 38. hxg4 Kc5 39. g5 g6
40. f5 exf5 41. exf5 Kd6 42. f6 Kd7 43. Kxc4 Ke6 44. Kc5 Kf7 45. Kd6 Kf8 46. f7
Kxf7 47. Kd7 Kf8 48. Ke6 Kg8 49. Kf6 Kh7 50. Kf7 Kh8 51. Kxg6 Kg8 52. Kh6 Kh8
53. g6 Kg8 54. g7 1-0

[Event "SC Königsspringer II - SK Weisse Dame"]
[Site "Landesliga Hamburg 2019/20"]
[Date "2019.12.08"]
[Round "4.34"]
[White "Cremer, Jochen"]
[Black "Mandelbaum, Peter-Rene"]
[Result "1/2-1/2"]
[WhiteElo "2092"]
[BlackElo "2089"]
[PlyCount "36"]
[EventDate "2019.??.??"]

1. Nf3 d5 2. g3 Nf6 3. Bg2 e6 4. O-O Be7 5. c4 O-O 6. b3 b6 7. Bb2 Bb7 8. e3 c5
9. Qe2 Nbd7 10. Nc3 Rc8 11. Rfd1 Qc7 12. Rac1 Qb8 13. cxd5 Nxd5 14. d3 Nxc3 15.
Bxc3 Bf6 16. Bxf6 Nxf6 17. d4 cxd4 18. Nxd4 Bxg2 1/2-1/2

[Event "SC Königsspringer II - SK Weisse Dame"]
[Site "Landesliga Hamburg 2019/20"]
[Date "2019.12.08"]
[Round "4.35"]
[White "Schiele, Lars"]
[Black "Conrad, Christian"]
[Result "1/2-1/2"]
[WhiteElo "2055"]
[BlackElo "2107"]
[PlyCount "88"]
[EventDate "2019.??.??"]

1. d4 Nf6 2. c4 g6 3. Nc3 Bg7 4. e4 d6 5. Nf3 O-O 6. Be2 e5 7. O-O Na6 8. Be3
Ng4 9. Bg5 Qe8 10. Rc1 exd4 11. Nxd4 Nxh2 12. Re1 Ng4 13. Bxg4 Bxg4 14. Qxg4
Bxd4 15. e5 Bxe5 16. Bf6 Bxf6 17. Rxe8 Rfxe8 18. Nd5 Bg7 19. b4 c6 20. b5 cxd5
21. bxa6 bxa6 22. cxd5 Bb2 23. Rc7 Rf8 24. Qd7 Ba3 25. Rxa7 Bc5 26. Rxa8 Rxa8
27. Qb7 Ra7 28. Qb8+ Kg7 29. Kh2 a5 30. a4 Ra6 31. Qb2+ Kg8 32. Kg3 Rb6 33. Qf6
Rb3+ 34. f3 Bb4 35. Kg4 Rd3 36. Qd8+ Kg7 37. Qa8 Rd4+ 38. f4 Rd3 39. f5 Rd4+
40. Kf3 gxf5 41. Qc6 Rd3+ 42. Ke2 Rg3 43. Kf2 f4 44. Qc4 Bc5+ 1/2-1/2

[Event "SC Königsspringer II - SK Weisse Dame"]
[Site "Landesliga Hamburg 2019/20"]
[Date "2019.12.08"]
[Round "4.36"]
[White "Streich, Justus"]
[Black "Lansky, Georg"]
[Result "1/2-1/2"]
[WhiteElo "1937"]
[BlackElo "1987"]
[PlyCount "85"]
[EventDate "2019.??.??"]

1. e4 e6 2. d4 d5 3. Nc3 Bb4 4. e5 c5 5. a3 Ba5 6. b4 cxd4 7. Nb5 Bc7 8. Nf3
Bd7 9. Nxc7+ Qxc7 10. Qxd4 Qxc2 11. Bd3 Qc7 12. O-O Ne7 13. Bb2 Nbc6 14. Qg4
Ng6 15. Rac1 Qd8 16. b5 Nce7 17. a4 a6 18. bxa6 bxa6 19. Ba3 Qa5 20. Bc2 Rc8
21. Bb4 Qb6 22. Bd6 Rc4 23. Qg5 h6 24. Qd2 Qd8 25. Rb1 O-O 26. Rb8 Rc8 27. Rxc8
Bxc8 28. Bxg6 fxg6 29. Nh4 Rf7 30. Bxe7 Qxe7 31. Nxg6 Qg5 32. Qc2 Bb7 33. Rb1
Rf5 34. Rxb7 Qxg6 35. Rb8+ Kh7 36. Qc8 Qf7 37. Qxa6 Rxe5 38. Qd3+ Qf5 39. Qxf5+
exf5 40. Rb1 d4 41. Kf1 d3 42. Rd1 Re4 43. Rxd3 1/2-1/2

[Event "SC Königsspringer II - SK Weisse Dame"]
[Site "Landesliga Hamburg 2019/20"]
[Date "2019.12.08"]
[Round "4.37"]
[White "Kuhle, Sebastian"]
[Black "Lohse, Marc"]
[Result "1-0"]
[WhiteElo "2013"]
[BlackElo "1930"]
[PlyCount "95"]
[EventDate "2019.??.??"]

1. c4 e5 2. Nc3 Nf6 3. Nf3 Nc6 4. g3 Bb4 5. Bg2 Bxc3 6. bxc3 O-O 7. O-O d6 8.
d3 h6 9. e4 Be6 10. h3 Qd7 11. Kh2 Nh7 12. Rb1 Rab8 13. Nh4 g5 14. Nf5 Bxf5 15.
exf5 Qxf5 16. f4 exf4 17. gxf4 Qg6 18. Bd5 Kh8 19. Be3 Rbe8 20. Qf3 g4 21. hxg4
Nf6 22. Rg1 Qxd3 23. Bd4 Qd2+ 24. Rg2 Nxd4 25. cxd4 Qxd4 26. g5 Re3 27. Qf2
Ng4+ 28. Rxg4 Rh3+ 29. Kg1 Qd3 30. Rf1 Re8 31. Rg2 c6 32. Bxf7 Ree3 33. Qb2+
Qc3 34. Qxc3+ Rxc3 35. g6 Kg7 36. f5 Rhf3 37. Rxf3 Rxf3 38. Rf2 Rg3+ 39. Kf1
Kf6 40. Be6 Rc3 41. Rd2 b5 42. cxb5 cxb5 43. Rxd6 Rc7 44. Rd7 Rc1+ 45. Kf2 Rc2+
46. Kf3 Ke5 47. g7 Rc3+ 48. Kg4 1-0

[Event "SC Königsspringer II - SK Weisse Dame"]
[Site "Landesliga Hamburg 2019/20"]
[Date "2019.12.08"]
[Round "4.38"]
[White "Chin, Karin"]
[Black "Purniel, Umpierre"]
[Result "1-0"]
[WhiteElo "2014"]
[BlackElo "2017"]
[PlyCount "89"]
[EventDate "2019.??.??"]

1. e4 e6 2. d4 d5 3. Nc3 dxe4 4. Nxe4 Nd7 5. Bc4 Ngf6 6. Ng5 Nb6 7. Bb3 c5 8.
Qe2 Qxd4 9. N1f3 Qg4 10. Nxf7 c4 11. N7e5 Qe4 12. Nxc4 Bc5 13. Be3 Nxc4 14.
Bxc5 Na5 15. Qxe4 Nxe4 16. Ba4+ Bd7 17. Bxd7+ Kxd7 18. O-O-O+ Kc7 19. Bd4 Nc6
20. Rhe1 Nd6 21. Bxg7 Rhg8 22. Nd4 e5 23. Bxe5 Nxe5 24. Rxe5 Rae8 25. Rxe8 Nxe8
26. Ne6+ Kc6 27. Rd8 Rxg2 28. Nd4+ Kb6 29. Rxe8 Rxf2 30. Re6+ Kc5 31. Nb3+ Kd5
32. Rh6 Rf7 33. c3 b6 34. Nd4 Ke4 35. Kd2 Rg7 36. Rh3 Rg2+ 37. Kd1 Rxb2 38.
Rxh7 Rxa2 39. Nc2 a5 40. Kc1 Kd3 41. Rh3+ Ke2 42. Re3+ Kf2 43. Re4 Kf3 44. Rd4
b5 45. Kb1 1-0

[Event "SC Königsspringer II - SK Weisse Dame"]
[Site "Landesliga Hamburg 2019/20"]
[Date "2019.12.08"]
[Round "4.39"]
[White "Lam, Daniel"]
[Black "Wolter, Michael"]
[Result "0-1"]
[WhiteElo "1911"]
[BlackElo "2156"]
[PlyCount "152"]
[EventDate "2019.??.??"]

1. e4 e6 2. d4 d5 3. Nc3 Nf6 4. e5 Nfd7 5. f4 c5 6. Nf3 Nc6 7. Be3 cxd4 8. Nxd4
Bc5 9. a3 a6 10. b4 Bxd4 11. Bxd4 Nxd4 12. Qxd4 f6 13. exf6 Qxf6 14. Qxf6 Nxf6
15. Bd3 Bd7 16. Kd2 O-O 17. a4 Ne8 18. f5 d4 19. Ne2 e5 20. Bc4+ Kh8 21. g4 Nd6
22. Bd5 Bc6 23. Bxc6 bxc6 24. Rhf1 Rab8 25. Rab1 c5 26. c3 dxc3+ 27. Kxc3 cxb4+
28. Rxb4 Rbc8+ 29. Kb3 a5 30. Rd1 Nxf5 31. Rb5 Ne3 32. Rd7 Nxg4 33. Rxa5 Rf3+
34. Kb4 Nf6 35. Rb7 e4 36. Rc5 Rf8 37. Re7 Rf2 38. Ng3 Rb2+ 39. Kc3 Rxh2 40.
Nxe4 Rh3+ 41. Kd4 Rd8+ 42. Ke5 Nxe4 43. Kxe4 Rh4+ 44. Ke3 Rxa4 45. Rcc7 Rg4 46.
Rcd7 Rg8 47. Rf7 h6 48. Kf3 Rg5 49. Kf4 Rg1 50. Kf3 Rf1+ 51. Kg2 Rxf7 52. Rxf7
Ra8 53. Kg3 Ra4 54. Kh3 Kh7 55. Rb7 h5 56. Rc7 Kh6 57. Rb7 Ra3+ 58. Kh2 h4 59.
Rb5 g5 60. Rb6+ Kh5 61. Rb8 Ra2+ 62. Kh1 h3 63. Rh8+ Kg4 64. Rb8 Kg3 65. Rb3+
Kh4 66. Rb4+ g4 67. Rc4 Re2 68. Rb4 Kg3 69. Rb3+ Kf4 70. Rb8 g3 71. Rf8+ Ke3
72. Re8+ Kd2 73. Rd8+ Ke1 74. Rh8 Kf1 75. Rf8+ Rf2 76. Rxf2+ gxf2 0-1

[Event "SC Königsspringer II - SK Weisse Dame"]
[Site "Landesliga Hamburg 2019/20"]
[Date "2019.12.08"]
[Round "4.40"]
[White "Goetz, Claus"]
[Black "Habermann, Till"]
[Result "1-0"]
[WhiteElo "1916"]
[BlackElo "1941"]
[PlyCount "33"]
[EventDate "2019.??.??"]

1. e4 e5 2. Nf3 Nc6 3. Bc4 Nf6 4. d3 Be7 5. c3 O-O 6. Nbd2 d6 7. O-O Bg4 8. Re1
Qc8 9. Nf1 Nd8 10. Ng3 h5 11. h3 h4 12. Nf5 Bxf5 13. exf5 Qxf5 14. Nxh4 Qc8 15.
Qf3 Nd7 16. Ng6 Re8 17. Qh5 1-0

[Event "SK Weisse Dame - Schachfreunde II"]
[Site "Landesliga Hamburg 2019/20"]
[Date "2020.01.19"]
[Round "5.1"]
[White "Andersen, Jens Knud"]
[Black "Popist, Florian"]
[Result "1/2-1/2"]
[WhiteElo "2165"]
[BlackElo "2060"]
[PlyCount "79"]
[EventDate "2020.??.??"]

1. d4 d5 2. Bf4 Nf6 3. e3 c5 4. c3 Nc6 5. Nd2 e6 6. Bd3 Bd6 7. Bxd6 Qxd6 8. f4
b6 9. a3 Ne7 10. Ngf3 Nf5 11. Qe2 Bb7 12. Ne5 a6 13. O-O h5 14. Rf3 Ne4 15. Rh3
g6 16. g4 Ng7 17. Rd1 Nxd2 18. Rxd2 c4 19. Bc2 Qc7 20. gxh5 O-O-O 21. h6 Ne8
22. Ng4 Nd6 23. Qe1 Qe7 24. Rg2 Rh7 25. Qh4 Qxh4 26. Rxh4 Rdh8 27. Rg3 Kd8 28.
Rgh3 Ke7 29. Ne5 Nf5 30. Bxf5 gxf5 31. Kf2 Bc8 32. Kg2 Bd7 33. Rg3 Rxh6 34.
Rxh6 Rxh6 35. Rh3 Rxh3 36. Kxh3 Be8 37. Kg3 f6 38. Nf3 Kf7 39. h4 Ke7 40. Kf2
1/2-1/2

[Event "SK Weisse Dame - Schachfreunde II"]
[Site "Landesliga Hamburg 2019/20"]
[Date "2020.01.19"]
[Round "5.2"]
[White "Mandelbaum, Peter-Rene"]
[Black "Gremmel, Jonas Simon"]
[Result "0-1"]
[WhiteElo "2089"]
[BlackElo "2072"]
[PlyCount "66"]
[EventDate "2020.??.??"]

1. e4 c6 2. d4 d5 3. Nc3 dxe4 4. Nxe4 Nf6 5. Nxf6+ exf6 6. c3 Bd6 7. Bd3 O-O 8.
Ne2 Qc7 9. h3 Be6 10. Be3 Nd7 11. Qc2 g6 12. h4 c5 13. h5 f5 14. Qd2 Nf6 15.
dxc5 Bxc5 16. Nd4 Bd5 17. Nxf5 Rfe8 18. O-O-O Bxe3 19. Nxe3 Bxa2 20. Nf5 Nd5
21. Nh6+ Kg7 22. Rh4 Rad8 23. g3 Bb3 24. Rdh1 Qa5 25. hxg6 Qa1+ 26. Bb1 Ba2 27.
Nf5+ Kf6 28. Qc2 Bxb1 29. Qxb1 Qxb1+ 30. Kxb1 Kxf5 31. gxh7 Rh8 32. Rh5+ Kg6
33. Rxd5 Rxd5 0-1

[Event "SK Weisse Dame - Schachfreunde II"]
[Site "Landesliga Hamburg 2019/20"]
[Date "2020.01.19"]
[Round "5.3"]
[White "Dietz, Juergen"]
[Black "Schiele, Lars"]
[Result "0-1"]
[WhiteElo "2170"]
[BlackElo "2056"]
[PlyCount "48"]
[EventDate "2020.??.??"]

1. f4 d5 2. Nf3 Nf6 3. g3 c6 4. Bg2 Qb6 5. e3 Bg4 6. b3 g6 7. Bb2 Bg7 8. O-O
Nbd7 9. h3 Bxf3 10. Qxf3 O-O 11. g4 Ne4 12. Bxg7 Kxg7 13. d3 Nd6 14. Qf2 e6 15.
e4 f5 16. gxf5 gxf5 17. e5 Nb5 18. c3 Qxf2+ 19. Kxf2 Nc5 20. Ke3 Rg8 21. c4 Nc7
22. Nc3 Kf7 23. Bf3 d4+ 24. Kxd4 Rad8+ 0-1

[Event "SK Weisse Dame - Schachfreunde II"]
[Site "Landesliga Hamburg 2019/20"]
[Date "2020.01.19"]
[Round "5.4"]
[White "Lansky, Georg"]
[Black "Hermann, Matthias"]
[Result "1/2-1/2"]
[WhiteElo "1986"]
[BlackElo "2230"]
[PlyCount "123"]
[EventDate "2020.??.??"]

1. e4 c5 2. Nf3 Nc6 3. d4 cxd4 4. Nxd4 g6 5. Nc3 Bg7 6. Be3 Nf6 7. Nxc6 bxc6 8.
e5 Nd5 9. Nxd5 cxd5 10. Qxd5 Rb8 11. Bc4 O-O 12. O-O Bb7 13. Qd3 Bxe5 14. Bxa7
Rc8 15. Bd4 Bxh2+ 16. Kxh2 Qc7+ 17. Kg1 Qxc4 18. Qxc4 Rxc4 19. c3 f6 20. b3 Rc7
21. c4 e5 22. Bb6 Rc6 23. c5 d6 24. b4 dxc5 25. Bxc5 Ra8 26. a4 Kf7 27. Rfc1
Ke6 28. b5 Rcc8 29. a5 Kd5 30. a6 Rxc5 31. axb7 Rb8 32. Rd1+ Ke6 33. Ra6+ Ke7
34. Rc6 Rxb5 35. Rc7+ Ke6 36. Rdd7 h5 37. Kf1 g5 38. Ke2 h4 39. f3 Rb3 40. Kf2
Kf5 41. Kg1 g4 42. fxg4+ Kxg4 43. Rh7 Rb4 44. Kh2 e4 45. Rcg7+ Kf5 46. Rh5+ Ke6
47. Rxh4 f5 48. Rhh7 Ke5 49. Rf7 Kf4 50. g3+ Ke3 51. Rxf5 R8xb7 52. Rxb7 Rxb7
53. g4 Ke2 54. g5 e3 55. Kg3 Re7 56. Ra5 Kd3 57. Ra3+ Ke4 58. Ra4+ Kf5 59. Ra5+
Kg6 60. Ra1 Kxg5 61. Kf3 e2 62. Re1 1/2-1/2

[Event "SK Weisse Dame - Schachfreunde II"]
[Site "Landesliga Hamburg 2019/20"]
[Date "2020.01.19"]
[Round "5.5"]
[White "Mix, Clemens"]
[Black "Ludwig, Jan"]
[Result "1-0"]
[WhiteElo "1919"]
[BlackElo "2054"]
[PlyCount "61"]
[EventDate "2020.??.??"]

1. d4 e6 2. c4 f5 3. Nf3 Nf6 4. Nc3 d5 5. g3 Bd6 6. Bg2 O-O 7. O-O c6 8. Qc2
Nbd7 9. Rb1 Ne4 10. b4 h6 11. b5 g5 12. Bb2 g4 13. Nxe4 fxe4 14. Ne5 Bxe5 15.
dxe5 Qg5 16. bxc6 bxc6 17. cxd5 cxd5 18. Qc6 Nb6 19. Bc1 Qg7 20. Rxb6 Bd7 21.
Qxa8 Rxa8 22. Rb7 Rd8 23. Bf4 Qf8 24. Rc1 Qa3 25. Rcc7 Qa4 26. Rxa7 Qd4 27. Bf1
Bb5 28. Rg7+ Kh8 29. Rh7+ Kg8 30. Rag7+ Kf8 31. Bxh6 1-0

[Event "SK Weisse Dame - Schachfreunde II"]
[Site "Landesliga Hamburg 2019/20"]
[Date "2020.01.19"]
[Round "5.6"]
[White "Kuhle, Sebastian"]
[Black "Zimmermann, Martin"]
[Result "0-1"]
[WhiteElo "2021"]
[BlackElo "2135"]
[PlyCount "58"]
[EventDate "2020.??.??"]

1. c4 c5 2. Nc3 Nc6 3. g3 g6 4. Nf3 Bg7 5. Bg2 Nf6 6. O-O O-O 7. d4 cxd4 8.
Nxd4 Qa5 9. Nxc6 dxc6 10. Rb1 Be6 11. b4 Qh5 12. f3 Bxc4 13. Qc2 Qf5 14. Qxf5
gxf5 15. Bb2 Rfd8 16. Rfd1 Kf8 17. Bh3 e6 18. a4 Bb3 19. Rxd8+ Rxd8 20. b5 Nd5
21. bxc6 bxc6 22. Ba3+ Kg8 23. Nxd5 Bxd5 24. Bc5 Bc4 25. Bxa7 Bxe2 26. Kf2 Bc4
27. Bf1 Ba2 28. Rb7 Ra8 29. a5 Rxa7 0-1